Medición del Jitter en los sistemas digitales en Costa Rica.

Gespeichert in:
Bibliographische Detailangaben
1. Verfasser: Rivero González, Guillermo
Weitere Verfasser: Alan, José Javier
Format: Buch
Veröffentlicht: [San José , Costa Rica] 1986
Schlagworte:
Tags: Tag hinzufügen
Keine Tags, Fügen Sie den ersten Tag hinzu!

MARC

LEADER 00000nam a2200000Ia 4500
003 004250
005 20221231144352.0
008 140114s1986 cr a m 000 ||s d
040 |c cru CEDI 
090 |a TFG 1910 
100 |a Rivero González, Guillermo  |9 14034 
245 |a Medición del Jitter en los sistemas digitales en Costa Rica. 
260 |c 1986  |a  [San José , Costa Rica] 
300 |a  viii, [135] hojas : ilustraciones (algunas plegables) ; 28 cm  
500 |a  Proyecto de graduación (licenciatura en ingeniería eléctrica)--Universidad de Costa Rica. Facultad de Ingeniería. Escuela de Ingeniería Eléctrica 
650 |x ELECTRONICA DIGITAL  |9 14037 
700 |9 14035  |a Alan, José Javier 
942 |c TFG  |2 ddc 
999 |c 20845  |d 20845